[Event "Belgrade Investbanka"]
[Site "Belgrade YUG"]
[Date "1987.??.??"]
[Round "1"]
[White "Hjartarson, Johann"]
[Black "Popovic, Petar"]
[Result "0-1"]
[WhiteElo "2550"]
[BlackElo "2560"]
[PlyCount "154"]
[EventDate "1987.10.18"]

1. c4 Nf6 2. Nc3 d5 3. cxd5 Nxd5 4. g3 g6 5. Bg2 Nb6 6. Nf3 Bg7 7. O-O O-O 8. d4 Nc6 9. d5 Na5 10. e4 c6 11. Nd4 cxd5 12. exd5 e6 13. Nb3 Nxd5 14. Nxd5 exd5 15. Bxd5 Nc6 16. h4 Bh3 17. Re1 Bg4 18. Qxg4 Qxd5 19. Rd1 Qb5 20. Be3 Rad8 21. Rxd8 Rxd8 22. Rd1 Rxd1+ 23. Qxd1 Qf5 24. Nc5 b6 25. Na4 h5 26. Nc3 Kh7 27. Kg2 Nb4 28. a4 Nd3 29. Qd2 Nc5 30. Bxc5 bxc5 31. Qe2 Qd7 32. Qf3 c4 33. Qf4 Qb7+ 34. Kh2 Qxb2 35. Ne4 f6 36. Qc7 Qd4 37. f3 Qb2+ 38. Kh3 Qa1 39. Kg2 Qb2+ 40. Kh3 Qa1 41. Kg2 Qd4 42. a5 Kg8 43. Nd6 Qd2+ 44. Kh3 Qd1 45. Kg2 Qe2+ 46. Kg1 Kh7 47. Ne4 Qxf3 48. Qxc4 Qe3+ 49. Kg2 Kh6 50. a6 Qb6 51. Qc1+ Kh7 52. Qc4 Qb2+ 53. Kh3 Qe5 54. Qc6 Qa1 55. Kg2 Qb2+ 56. Kh3 Qa1 57. Kg2 Qd4 58. Qb7 Kh6 59. Qc6 Qb2+ 60. Kh3 Qe2 61. Qc1+ Kh7 62. Qc6 Qf1+ 63. Kh2 Kh6 64. Qb7 Qe2+ 65. Kh3 Qc2 66. Nd6 Qd1 67. Qc6 Qg4+ 68. Kh2 Qe2+ 69. Kg1 Qe6 70. Kg2 Kh7 71. Kh2 f5 72. Qc7 Qe2+ 73. Kh1 Qf1+ 74. Kh2 Qf2+ 75. Kh1 Qxg3 76. Qxa7 Qxd6 77. Qb7 Qd1+ 0-1

[Event "Belgrade Investbanka"]
[Site "Belgrade YUG"]
[Date "1987.??.??"]
[Round "1"]
[White "Kortschnoj, Viktor"]
[Black "Ivanovic, Bozidar"]
[Result "1/2-1/2"]
[WhiteElo "2630"]
[BlackElo "2535"]
[PlyCount "121"]
[EventDate "1987.10.18"]

1. d4 Nf6 2. c4 d6 3. Nc3 Nbd7 4. g3 e5 5. Bg2 c6 6. e3 Be7 7. Nge2 exd4 8. exd4 O-O 9. O-O Nb6 10. b3 Re8 11. d5 cxd5 12. cxd5 Bf8 13. h3 g6 14. Bg5 h6 15. Be3 Bf5 16. Nd4 Be4 17. Nxe4 Nxe4 18. Ne6 Nc3 19. Nxd8 Nxd1 20. Rfxd1 Rexd8 21. Rac1 Rac8 22. h4 h5 23. a4 Rxc1 24. Rxc1 Rc8 25. Rxc8 Nxc8 26. Bh3 f5 27. Bf1 a6 28. f3 Be7 29. Kf2 Bf6 30. Ke2 Be5 31. Bf2 Ne7 32. Kd3 Kf7 33. Kc4 Ke8 34. Be2 Kd7 35. a5 Ng8 36. b4 Ne7 37. g4 Bf4 38. Bd1 Kc7 39. gxh5 gxh5 40. Ba4 Ng6 41. Be8 Ne5+ 42. Kc3 Nxf3 43. Bxh5 Ne5 44. Be2 Kd7 45. Bd3 Nxd3 46. Kxd3 Ke7 47. Bd4 Kf7 48. h5 Bg5 49. Bc3 Bf4 50. Ke2 Bh6 51. Kf3 Bg5 52. Be1 Ke7 53. Kg3 Ke8 54. Kg2 Kf7 55. Kf3 Ke7 56. Ke2 Kf6 57. Bc3+ Kf7 58. Bd4 Bf6 59. Bb6 Bg5 60. Be3 Kf6 61. Bd4+ 1/2-1/2

[Event "Belgrade Investbanka"]
[Site "Belgrade YUG"]
[Date "1987.??.??"]
[Round "1"]
[White "Salov, Valery"]
[Black "Beliavsky, Alexander"]
[Result "1/2-1/2"]
[WhiteElo "2575"]
[BlackElo "2630"]
[PlyCount "120"]
[EventDate "1987.10.18"]

1. d4 d5 2. c4 c6 3. e3 Bf5 4. cxd5 cxd5 5. Qb3 Qc7 6. Bb5+ Bd7 7. Nc3 e6 8. Bd2 a6 9. Bd3 Bc6 10. Nf3 Bd6 11. O-O Nf6 12. Rfc1 O-O 13. Na4 Bxa4 14. Qxa4 Nc6 15. h3 Qe7 16. Bc3 Rfc8 17. Ne5 Bxe5 18. dxe5 Nd7 19. Qf4 Rc7 20. Rf1 Nc5 21. Bc2 b5 22. Rad1 a5 23. Rd2 b4 24. Bd4 a4 25. Bb1 Rac8 26. h4 Nd7 27. Rfd1 Nxd4 28. exd4 a3 29. Re2 axb2 30. Rxb2 Nb6 31. a3 Nc4 32. Rxb4 Nxa3 33. Rb3 Nxb1 34. Rdxb1 h6 35. g3 h5 36. Kg2 Rc3 37. Rxc3 Rxc3 38. Rb8+ Kh7 39. Qd2 Qc7 40. Rf8 Qe7 41. Ra8 Qb7 42. Ra1 Rc4 43. Qf4 Kg8 44. Ra3 Rc8 45. Rf3 Rf8 46. Qg5 Qb1 47. Rf4 Qh7 48. g4 hxg4 49. Rxg4 Re8 50. h5 Kf8 51. Kg3 Qh6 52. Kh4 Qxg5+ 53. Kxg5 Ke7 54. f4 Ra8 55. f5 exf5 56. Kxf5 Rh8 57. Rg5 Rxh5 58. Rxh5 g6+ 59. Kg5 gxh5 60. Kxh5 f6 1/2-1/2

[Event "Belgrade Investbanka"]
[Site "Belgrade YUG"]
[Date "1987.??.??"]
[Round "2"]
[White "Beliavsky, Alexander"]
[Black "Ivanovic, Bozidar"]
[Result "0-1"]
[WhiteElo "2630"]
[BlackElo "2535"]
[PlyCount "62"]
[EventDate "1987.10.18"]

1. e4 c5 2. Nf3 Nc6 3. d4 cxd4 4. Nxd4 Nf6 5. Nc3 d6 6. Bg5 e6 7. Qd2 Be7 8. O-O-O O-O 9. f4 h6 10. Bh4 e5 11. Nf5 Bxf5 12. exf5 exf4 13. Kb1 d5 14. Bxf6 Bxf6 15. Nxd5 Be5 16. Bc4 b5 17. Bxb5 Rb8 18. c4 Nd4 19. f6 gxf6 20. a4 a6 21. g3 f3 22. Bxa6 Rb3 23. Rhe1 Qd6 24. Re4 Rfb8 25. Bb5 Nf5 26. Ka2 Rxb2+ 27. Qxb2 Bxb2 28. Ne7+ Kf8 29. Rxd6 Nxd6 30. Nc6 Nxe4 31. Nxb8 f2 0-1

[Event "Belgrade Investbanka"]
[Site "Belgrade YUG"]
[Date "1987.??.??"]
[Round "2"]
[White "Ljubojevic, Ljubomir"]
[Black "Gligoric, Svetozar"]
[Result "1-0"]
[WhiteElo "2625"]
[BlackElo "2525"]
[PlyCount "127"]
[EventDate "1987.10.18"]

1. e4 e5 2. Nf3 Nc6 3. Bb5 a6 4. Ba4 Nf6 5. O-O Be7 6. Re1 b5 7. Bb3 d6 8. c3 O-O 9. h3 Bb7 10. d4 Re8 11. Nbd2 Bf8 12. a3 h6 13. Bc2 Nb8 14. b4 Nbd7 15. Bb2 g6 16. Rb1 Bg7 17. a4 Rb8 18. c4 bxc4 19. dxe5 Nxe5 20. Nxe5 dxe5 21. Nxc4 Qxd1 22. Rbxd1 Bc8 23. Bc3 Nd7 24. a5 Bf8 25. Rb1 c5 26. bxc5 Rxb1 27. Rxb1 Nxc5 28. Rb8 Bd7 29. Rxe8 Bxe8 30. Bxe5 Bb5 31. Nd6 Bd3 32. Bxd3 Nxd3 33. Bg3 h5 34. Kf1 Nc5 35. f3 Nb3 36. Nc4 Bh6 37. Be1 Bf4 38. g3 Bc7 39. Ke2 Nd4+ 40. Kf2 Kf8 41. g4 hxg4 42. fxg4 Bd8 43. Bb4+ Kg8 44. Bc3 Nb5 45. Bb2 Kf8 46. Kg3 Bc7+ 47. Kf3 Bd8 48. Kf4 Na7 49. Ba3+ Kg7 50. Bb4 Nc6 51. Bc3+ Kf8 52. e5 Bh4 53. Ke4 Ke7 54. Kd5 Kd7 55. Nd6 Ne7+ 56. Ke4 Nc6 57. Nxf7 Ke6 58. Nh8 g5 59. Ng6 Bf2 60. Nf8+ Kf7 61. Nh7 Bh4 62. Nf6 Ke6 63. Nd5 Nb8 64. Bd2 1-0

[Event "Belgrade Investbanka"]
[Site "Belgrade YUG"]
[Date "1987.??.??"]
[Round "3"]
[White "Gligoric, Svetozar"]
[Black "Hjartarson, Johann"]
[Result "1/2-1/2"]
[WhiteElo "2525"]
[BlackElo "2550"]
[PlyCount "65"]
[EventDate "1987.10.18"]

1. d4 Nf6 2. c4 e6 3. Nf3 b6 4. Nc3 Bb4 5. Bg5 Bb7 6. e3 h6 7. Bh4 Bxc3+ 8. bxc3 d6 9. Nd2 Nbd7 10. f3 Qe7 11. Bd3 g5 12. Bf2 O-O-O 13. Qa4 Kb8 14. O-O-O c5 15. e4 Nh5 16. Rhe1 Nf4 17. Bf1 e5 18. Nb3 Nf6 19. Na1 Rc8 20. Nc2 Rhd8 21. Ne3 h5 22. Nf5 Qc7 23. g3 Ng6 24. Be3 Nh7 25. d5 Rh8 26. Ng7 h4 27. Nf5 hxg3 28. hxg3 Rcg8 29. Bh3 Bc8 30. Rh1 Bd7 31. Qb3 f6 32. Bg4 Nhf8 33. a4 1/2-1/2

[Event "Belgrade Investbanka"]
[Site "Belgrade YUG"]
[Date "1987.??.??"]
[Round "3"]
[White "Ljubojevic, Ljubomir"]
[Black "Salov, Valery"]
[Result "1-0"]
[WhiteElo "2625"]
[BlackElo "2575"]
[PlyCount "79"]
[EventDate "1987.10.18"]

1. e4 c5 2. Nf3 d6 3. d4 cxd4 4. Nxd4 Nf6 5. Nc3 Nc6 6. Bc4 e6 7. Be3 a6 8. Bb3 Qc7 9. Qe2 Na5 10. g4 b5 11. g5 Nd7 12. f4 Nc5 13. f5 b4 14. Na4 Naxb3 15. cxb3 Qb7 16. fxe6 fxe6 17. Nxc5 dxc5 18. Nf3 Be7 19. Nd2 O-O 20. O-O-O a5 21. Rhf1 Bd7 22. Rxf8+ Rxf8 23. Qg4 Qa6 24. Nc4 Be8 25. Bf4 a4 26. Bd6 axb3 27. axb3 Bxd6 28. Nxd6 Qa1+ 29. Kc2 Rf2+ 30. Kd3 Qa6+ 31. Ke3 Rf8 32. Qxe6+ Bf7 33. Qe5 Bxb3 34. Nf5 Qa7 35. Ra1 Qf7 36. Qxc5 Re8 37. Ra7 Qh5 38. Rxg7+ Kh8 39. Qc7 Qh3+ 40. Kf2 1-0

[Event "Belgrade Investbanka"]
[Site "Belgrade YUG"]
[Date "1987.??.??"]
[Round "3"]
[White "Marjanovic, Slavoljub"]
[Black "Ivanovic, Bozidar"]
[Result "0-1"]
[WhiteElo "2505"]
[BlackElo "2535"]
[PlyCount "56"]
[EventDate "1987.10.18"]

1. e4 c5 2. Nf3 Nc6 3. d4 cxd4 4. Nxd4 Nf6 5. Nc3 d6 6. Bg5 e6 7. Qd2 Be7 8. O-O-O O-O 9. Nb3 d5 10. Bxf6 Bxf6 11. exd5 Bxc3 12. Qxc3 exd5 13. Kb1 Be6 14. g3 d4 15. Qd2 Qb6 16. Bg2 Rad8 17. Rhe1 Nb4 18. Be4 d3 19. Bxd3 Bxb3 20. axb3 Qa5 21. Qc3 Rc8 22. Qe5 Qa2+ 23. Kc1 Qxb3 24. Qe4 g6 25. Re3 Na2+ 26. Kd2 Qxb2 27. Rde1 Nb4 28. Rc1 Rfd8 0-1

[Event "Belgrade Investbanka"]
[Site "Belgrade YUG"]
[Date "1987.??.??"]
[Round "3"]
[White "Timman, Jan"]
[Black "Short, Nigel David"]
[Result "1-0"]
[WhiteElo "2630"]
[BlackElo "2620"]
[PlyCount "109"]
[EventDate "1987.10.18"]

1. d4 Nf6 2. c4 e6 3. Nf3 d5 4. Nc3 Be7 5. cxd5 exd5 6. Bg5 c6 7. Qc2 g6 8. e4 dxe4 9. Bxf6 Bxf6 10. Qxe4+ Kf8 11. Bc4 Kg7 12. O-O Re8 13. Qf4 Be6 14. Bxe6 Rxe6 15. Rfe1 Rxe1+ 16. Rxe1 Nd7 17. Ne4 Be7 18. h4 Qb8 19. Ne5 f6 20. Ng5 Nf8 21. h5 gxh5 22. Qf5 Qc8 23. Nd7 Qxd7 24. Qxd7 Nxd7 25. Rxe7+ Kg6 26. Nf3 Rd8 27. Kh2 Nf8 28. Rxb7 Ne6 29. Rxa7 Nxd4 30. Nh4+ Kg5 31. g3 f5 32. f4+ Kf6 33. Rxh7 Ke6 34. Rh6+ Kd5 35. Rxh5 Ke4 36. Rh7 Kd3 37. Rf7 Rd5 38. b4 Kc4 39. a3 Kb3 40. Ra7 Nc2 41. Ra5 Rd2+ 42. Kh3 Nxa3 43. Ra6 Rc2 44. Nxf5 Nb5 45. Ne7 Nd4 46. Rb6 Rc3 47. Kg4 Ka4 48. Rb7 Nc2 49. f5 Nxb4 50. Rxb4+ Kxb4 51. f6 Ra3 52. f7 Ra8 53. Nxc6+ Kc5 54. Ne5 Kd6 55. Ng6 1-0

[Event "Belgrade Investbanka"]
[Site "Belgrade YUG"]
[Date "1987.??.??"]
[Round "4"]
[White "Gligoric, Svetozar"]
[Black "Short, Nigel David"]
[Result "0-1"]
[WhiteElo "2525"]
[BlackElo "2620"]
[PlyCount "68"]
[EventDate "1987.10.18"]

1. d4 e6 2. e4 d5 3. Nc3 Bb4 4. e5 c5 5. a3 Bxc3+ 6. bxc3 Ne7 7. a4 Nbc6 8. Nf3 Qa5 9. Qd2 Bd7 10. Bd3 c4 11. Be2 O-O 12. O-O f6 13. Ba3 Rae8 14. Bd6 Rf7 15. g3 Nf5 16. Bb4 Qc7 17. Rfe1 fxe5 18. dxe5 Nxb4 19. cxb4 Ref8 20. Ng5 Re7 21. Bg4 Be8 22. c3 a5 23. bxa5 Qxa5 24. Qb2 Bc6 25. f4 h6 26. Nf3 d4 27. cxd4 g5 28. fxg5 h5 29. Bxh5 Nxg3 30. hxg3 Bxf3 31. Qa3 Qd5 32. Rad1 Rh7 33. g4 Bxd1 34. Rxd1 Rf3 0-1

[Event "Belgrade Investbanka"]
[Site "Belgrade YUG"]
[Date "1987.??.??"]
[Round "4"]
[White "Kortschnoj, Viktor"]
[Black "Timman, Jan"]
[Result "0-1"]
[WhiteElo "2630"]
[BlackElo "2630"]
[PlyCount "124"]
[EventDate "1987.10.18"]

1. c4 e5 2. g3 Nf6 3. Bg2 c6 4. d4 exd4 5. Qxd4 d5 6. cxd5 cxd5 7. Nf3 Nc6 8. Qa4 Bc5 9. O-O O-O 10. Bg5 Re8 11. e3 h6 12. Bxf6 Qxf6 13. Nc3 Be6 14. Rad1 Red8 15. Qb5 Qe7 16. Nd4 Bxd4 17. exd4 Qd7 18. Rfe1 Rac8 19. Nxd5 a6 20. Qc5 Bxd5 21. Bxd5 Nb8 22. Qa5 b6 23. Bxf7+ Qxf7 24. Qxb6 Rf8 25. Rd2 Rc6 26. Qa5 Rf6 27. Ree2 Nc6 28. Qc5 Qxa2 29. d5 Nd8 30. d6 Ne6 31. Qa7 Qb1+ 32. Kg2 Nf4+ 33. gxf4 Rg6+ 34. Kf3 Qh1+ 35. Ke3 Re8+ 36. Kd3 Qf3+ 37. Re3 Rxd6+ 38. Kc2 Rxd2+ 39. Kxd2 Qxf2+ 40. Kd3 Qf1+ 41. Kc2 Qf2+ 42. Kd3 Rd8+ 43. Kc3 Qxh2 44. Qb6 Rc8+ 45. Kb3 Qxf4 46. Qe6+ Qf7 47. Ka4 Qxe6 48. Rxe6 Ra8 49. b4 Kf7 50. Rc6 h5 51. Rc7+ Kf6 52. Rc6+ Kg5 53. Rc5+ Kh6 54. Rc6+ g6 55. Ka5 h4 56. Kb6 Rb8+ 57. Kc5 h3 58. Rxa6 h2 59. Ra1 Kg5 60. b5 Rh8 61. Rh1 Kf4 62. b6 Kg3 0-1

[Event "Belgrade Investbanka"]
[Site "Belgrade YUG"]
[Date "1987.??.??"]
[Round "5"]
[White "Hjartarson, Johann"]
[Black "Short, Nigel David"]
[Result "1-0"]
[WhiteElo "2550"]
[BlackElo "2620"]
[PlyCount "99"]
[EventDate "1987.10.18"]

1. e4 e5 2. Nf3 Nc6 3. Bb5 a6 4. Ba4 Be7 5. O-O b5 6. Bb3 d6 7. c3 Nf6 8. Re1 O-O 9. h3 Nd7 10. d4 Bf6 11. Be3 Na5 12. Bc2 Nc4 13. Bc1 Bb7 14. b3 Ncb6 15. Be3 exd4 16. cxd4 Re8 17. Nbd2 c5 18. Rc1 cxd4 19. Bxd4 Rc8 20. Nf1 Ne5 21. N3h2 g6 22. Qd2 h5 23. f4 Ned7 24. Nf3 Bxd4+ 25. Qxd4 Qf6 26. e5 dxe5 27. fxe5 Qe6 28. N1d2 Qd5 29. Qf4 Qc5+ 30. Kh2 Nd5 31. Qg3 Qb6 32. Ng5 Nf8 33. Nde4 Re7 34. Bb1 Rxc1 35. Rxc1 Qd4 36. Nf3 Qe3 37. Rd1 Kg7 38. Nd6 Qc5 39. Nf5+ Kg8 40. Nxe7+ Qxe7 41. Ng5 h4 42. Qxh4 Ne3 43. Rg1 Qxe5+ 44. Qg3 Qd4 45. Nf3 Qb2 46. Re1 Nd5 47. Be4 Qxa2 48. Ne5 Qd2 49. Qf3 f6 50. Rd1 1-0

[Event "Belgrade Investbanka"]
[Site "Belgrade YUG"]
[Date "1987.??.??"]
[Round "5"]
[White "Kortschnoj, Viktor"]
[Black "Gligoric, Svetozar"]
[Result "1-0"]
[WhiteElo "2630"]
[BlackElo "2525"]
[PlyCount "103"]
[EventDate "1987.10.18"]

1. d4 Nf6 2. c4 e6 3. Nf3 b6 4. g3 Bb7 5. Bg2 Be7 6. Nc3 O-O 7. Qc2 d5 8. cxd5 exd5 9. O-O c5 10. Rd1 Na6 11. Bf4 Nb4 12. Qc1 Re8 13. Be5 Nc6 14. Bxf6 Bxf6 15. dxc5 d4 16. Nb5 bxc5 17. Qxc5 Qa5 18. Rac1 Rad8 19. Qc4 Qb6 20. Ne1 Re6 21. Nd3 Na5 22. Qc5 Bxg2 23. Kxg2 Qb7+ 24. Kg1 Be7 25. Nd6 Qa6 26. Qc7 Rdxd6 27. Nc5 Qb5 28. Nxe6 Rxe6 29. Qxa7 Nc6 30. Qa8+ Bf8 31. Rd2 g6 32. a4 Qb4 33. Rdc2 d3 34. exd3 Nd4 35. Rc4 Qd2 36. Rf1 Qxb2 37. Rc8 Qb4 38. a5 Kg7 39. a6 Qa3 40. a7 Bc5 41. Rxc5 Qxc5 42. Qb7 Re8 43. a8=Q Rxa8 44. Qxa8 g5 45. h3 h5 46. Qe4 f5 47. Qb7+ Kf6 48. Rb1 f4 49. Rb6+ Ne6 50. gxf4 Qc1+ 51. Kg2 Qxf4 52. Qf3 1-0

[Event "Belgrade Investbanka"]
[Site "Belgrade YUG"]
[Date "1987.??.??"]
[Round "5"]
[White "Ljubojevic, Ljubomir"]
[Black "Ivanovic, Bozidar"]
[Result "1-0"]
[WhiteElo "2625"]
[BlackElo "2535"]
[PlyCount "91"]
[EventDate "1987.10.18"]

1. Nf3 Nf6 2. c4 d6 3. d4 Nbd7 4. Nc3 c6 5. e4 e5 6. Be2 Be7 7. O-O O-O 8. Qc2 a6 9. Rd1 Qc7 10. Be3 Ng4 11. Bg5 Bxg5 12. Nxg5 Ngf6 13. Nf3 Re8 14. h3 b6 15. Rd2 Bb7 16. Rad1 b5 17. dxe5 dxe5 18. a3 Rac8 19. Nh4 bxc4 20. Nf5 Rb8 21. Bxc4 Nb6 22. Ba2 c5 23. Nd6 Re7 24. Na4 Nxa4 25. Qxa4 Qc6 26. Qc4 Rf8 27. f3 Bc8 28. b4 Be6 29. Qxc5 Qxc5+ 30. bxc5 Bxa2 31. Rxa2 Rc7 32. Rc2 Rb8 33. c6 Rd8 34. Rb1 Ne8 35. Nb7 Rd3 36. a4 g6 37. Rb6 f5 38. exf5 gxf5 39. Rxa6 e4 40. fxe4 fxe4 41. Ra8 Kf7 42. Rd8 Ke7 43. Re2 Nd6 44. Rxd6 Rxd6 45. Nxd6 Kxd6 46. Rxe4 1-0

[Event "Belgrade Investbanka"]
[Site "Belgrade YUG"]
[Date "1987.??.??"]
[Round "5"]
[White "Marjanovic, Slavoljub"]
[Black "Popovic, Petar"]
[Result "1/2-1/2"]
[WhiteElo "2505"]
[BlackElo "2560"]
[PlyCount "85"]
[EventDate "1987.10.18"]

1. e4 c5 2. Nf3 d6 3. d4 cxd4 4. Nxd4 Nf6 5. Nc3 Nc6 6. Bg5 e6 7. Qd2 a6 8. O-O-O Bd7 9. f4 h6 10. Bh4 g5 11. fxg5 Ng4 12. Nxc6 Bxc6 13. Be2 Ne5 14. g3 Ng6 15. Kb1 Be7 16. gxh6 Bxh4 17. gxh4 Qxh4 18. Qxd6 Qf4 19. Qc5 Rxh6 20. Rhf1 Qe5 21. Qf2 Qc7 22. Bg4 Rxh2 23. Qf6 Qe7 24. Qg7 Qf8 25. Qd4 Qh8 26. Bxe6 fxe6 27. Qd6 Ne7 28. Qxe6 Qg8 29. Qf6 Rh7 30. Rg1 Qh8 31. Qd6 Rh6 32. Qd2 Rh2 33. Qd6 Rh6 34. Qd2 Rh5 35. a3 Qe5 36. Rge1 Rh2 37. Qd3 Qc7 38. Nd5 Bxd5 39. exd5 O-O-O 40. d6 Rxd6 41. Rxe7 Qxe7 42. Qxd6 Qxd6 43. Rxd6 1/2-1/2

[Event "Belgrade Investbanka"]
[Site "Belgrade YUG"]
[Date "1987.??.??"]
[Round "5"]
[White "Timman, Jan"]
[Black "Beliavsky, Alexander"]
[Result "0-1"]
[WhiteElo "2630"]
[BlackElo "2630"]
[PlyCount "118"]
[EventDate "1987.10.18"]

1. e4 e5 2. Nf3 Nc6 3. Bb5 a6 4. Ba4 Nf6 5. O-O Be7 6. Re1 b5 7. Bb3 d6 8. c3 O-O 9. h3 Nb8 10. d4 Nbd7 11. c4 c6 12. Qc2 Bb7 13. Nc3 h6 14. a3 Re8 15. Be3 Bf8 16. dxe5 Nxe5 17. Nxe5 dxe5 18. Rac1 Qc7 19. Qe2 b4 20. axb4 Bxb4 21. c5 Bc8 22. f3 Nh5 23. Red1 Nf4 24. Bxf4 exf4 25. Na4 a5 26. Qc2 Ba6 27. Rd4 Rad8 28. Rcd1 Rxd4 29. Rxd4 Qe7 30. Bc4 Bb5 31. Kh1 Rd8 32. Rxd8+ Qxd8 33. Bxb5 cxb5 34. Nb6 Qd4 35. Qc1 Bxc5 36. Nd5 a4 37. Nxf4 b4 38. Nd3 Bf8 39. Qc2 a3 40. bxa3 bxa3 41. Nc1 Qb2 42. Qc4 Qb1 43. Kh2 Bd6+ 44. e5 Bxe5+ 45. f4 Bd6 46. h4 h5 47. g3 Qb2+ 48. Kh3 Qb7 49. Kh2 Qf3 50. Qc8+ Bf8 51. Qc2 g6 52. Na2 Qe3 53. Nc1 Bc5 54. Ne2 Qf2+ 55. Kh3 Qf3 56. Nc1 Qd5 57. Kh2 Be3 58. Nd3 a2 59. Nb4 Bg1+ 0-1

[Event "Belgrade Investbanka"]
[Site "Belgrade YUG"]
[Date "1987.??.??"]
[Round "6"]
[White "Hjartarson, Johann"]
[Black "Kortschnoj, Viktor"]
[Result "1/2-1/2"]
[WhiteElo "2550"]
[BlackElo "2630"]
[PlyCount "39"]
[EventDate "1987.10.18"]

1. d4 Nf6 2. c4 e6 3. Nf3 d5 4. Nc3 Be7 5. Bg5 h6 6. Bh4 O-O 7. e3 b6 8. Rc1 Bb7 9. Be2 dxc4 10. Bxc4 Nbd7 11. O-O c5 12. Qe2 Ne4 13. Bxe7 Qxe7 14. Nxe4 Bxe4 15. Rfd1 Rfd8 16. a3 Bxf3 17. Qxf3 cxd4 18. Rxd4 Ne5 19. Qe4 Nxc4 20. Rdxc4 1/2-1/2

[Event "Belgrade Investbanka"]
[Site "Belgrade YUG"]
[Date "1987.??.??"]
[Round "6"]
[White "Popovic, Petar"]
[Black "Salov, Valery"]
[Result "1/2-1/2"]
[WhiteElo "2560"]
[BlackElo "2575"]
[PlyCount "63"]
[EventDate "1987.10.18"]

1. e4 e5 2. Nf3 Nc6 3. Bb5 g6 4. c3 a6 5. Ba4 d6 6. d4 Bd7 7. O-O Bg7 8. dxe5 dxe5 9. Bg5 Nf6 10. Bxc6 Bxc6 11. Nxe5 Qxd1 12. Rxd1 Nxe4 13. Bf4 Nd6 14. Nxc6 bxc6 15. Na3 O-O-O 16. Kf1 Rhe8 17. Re1 Kd7 18. Rxe8 Rxe8 19. Re1 Rb8 20. Re2 c5 21. Ke1 Kc6 22. Kd1 Bf6 23. Kc2 h5 24. f3 Rg8 25. Kd3 Kd5 26. Nc2 Rd8 27. Ne3+ Kc6 28. Nc4 Kb5 29. Na3+ Kc6 30. Nc4 Kb5 31. Na3+ Kc6 32. Nc4 1/2-1/2

[Event "Belgrade Investbanka"]
[Site "Belgrade YUG"]
[Date "1987.??.??"]
[Round "6"]
[White "Short, Nigel David"]
[Black "Ljubojevic, Ljubomir"]
[Result "1/2-1/2"]
[WhiteElo "2620"]
[BlackElo "2625"]
[PlyCount "135"]
[EventDate "1987.10.18"]

1. e4 c5 2. Nf3 d6 3. d4 cxd4 4. Nxd4 Nf6 5. Nc3 a6 6. Be3 e5 7. Nf3 h6 8. Bc4 Be7 9. Qe2 O-O 10. O-O Nc6 11. a4 Na5 12. Ba2 Be6 13. Nd5 Nxd5 14. exd5 Bg4 15. h3 Bxf3 16. Qxf3 Rc8 17. b4 Nc4 18. Bxh6 Bg5 19. Bxg5 Qxg5 20. Qe2 b5 21. axb5 axb5 22. Bb3 e4 23. Rad1 f5 24. f4 Qf6 25. Qe1 Rc7 26. Rf2 Rfc8 27. Re2 Na3 28. Ra1 Ra7 29. Ra2 Rca8 30. Kh2 Qd4 31. c3 Qf6 32. Re3 Qh6 33. Qf2 Qf6 34. Rg3 Ra6 35. Qe1 R8a7 36. Qd1 g6 37. Qe1 Kf7 38. Re3 Ra8 39. Ree2 Rc8 40. Re3 Rca8 41. Qc1 Qd8 42. Re1 Qc7 43. g4 Qc8 44. gxf5 Qxf5 45. Rg2 Rh8 46. Qe3 Rh4 47. Rf1 Nc4 48. Bxc4 bxc4 49. b5 Ra8 50. b6 Rah8 51. Rg3 R4h5 52. Rd1 Rh4 53. Rf1 R4h5 54. Rd1 Rh4 55. b7 Qxf4 56. Qxf4+ Rxf4 57. Rb1 Rb8 58. Rg2 Kg7 59. Rb6 Rf6 60. Re2 Rf4 61. Re3 Rf7 62. Rxe4 Rbxb7 63. Rxb7 Rxb7 64. Rxc4 Rb2+ 65. Kg3 Rd2 66. Rd4 Rxd4 67. cxd4 g5 68. h4 1/2-1/2

[Event "Belgrade Investbanka"]
[Site "Belgrade YUG"]
[Date "1987.??.??"]
[Round "7"]
[White "Beliavsky, Alexander"]
[Black "Hjartarson, Johann"]
[Result "1/2-1/2"]
[WhiteElo "2630"]
[BlackElo "2550"]
[PlyCount "81"]
[EventDate "1987.10.18"]

1. d4 Nf6 2. c4 e6 3. Nf3 b6 4. g3 Bb7 5. Bg2 Be7 6. O-O O-O 7. Nc3 Ne4 8. Qc2 Nxc3 9. Qxc3 f5 10. Qb3 Bf6 11. d5 Qe7 12. Nd4 Na6 13. Be3 Nc5 14. Qc2 a5 15. Rad1 g6 16. d6 cxd6 17. Nb5 Bc6 18. Nxd6 Be5 19. Qd2 a4 20. Bf4 Bxf4 21. gxf4 Bxg2 22. Kxg2 h6 23. Kh1 Kh7 24. f3 Rg8 25. e4 Raf8 26. Qe3 fxe4 27. fxe4 g5 28. f5 exf5 29. Nxf5 Qxe4+ 30. Qxe4 Nxe4 31. Rxd7+ Kg6 32. Rd5 Rf7 33. Re5 Rgf8 34. Re6+ Rf6 35. Ne7+ Kh5 36. Rfxf6 Nxf6 37. Nf5 Ng4 38. Ne3 Nxe3 39. Rxe3 Rf2 40. Ra3 Rxb2 41. Rxa4 1/2-1/2

[Event "Belgrade Investbanka"]
[Site "Belgrade YUG"]
[Date "1987.??.??"]
[Round "7"]
[White "Popovic, Petar"]
[Black "Ivanovic, Bozidar"]
[Result "1/2-1/2"]
[WhiteElo "2560"]
[BlackElo "2535"]
[PlyCount "188"]
[EventDate "1987.10.18"]

1. e4 c5 2. Nf3 Nf6 3. e5 Nd5 4. g3 Nc6 5. Bg2 d6 6. exd6 Qxd6 7. O-O e5 8. Na3 Nb6 9. Nb5 Qd7 10. Re1 Be7 11. a4 f6 12. c3 a6 13. Na3 Qd8 14. d4 cxd4 15. cxd4 Bg4 16. h3 Bh5 17. Nc2 Rc8 18. b3 O-O 19. Bb2 Nb4 20. Nxb4 Bxb4 21. dxe5 Bxe1 22. Qxe1 Bxf3 23. Bxf3 fxe5 24. Qxe5 Qc7 25. Qe6+ Qf7 26. Bg4 Rc6 27. Qxf7+ Rxf7 28. Rd1 a5 29. f4 h6 30. Be5 Re7 31. h4 Kf7 32. Kg2 g6 33. h5 g5 34. Bf3 Rc2+ 35. Kh3 gxf4 36. Bxf4 Rd7 37. Rf1 Kg7 38. Be5+ Kg8 39. Bg4 Re7 40. Bd6 Re8 41. Rf6 Nc8 42. Bf4 Rc6 43. Rxc6 bxc6 44. Bxh6 Nd6 45. Bd7 Re7 46. Bxc6 Rh7 47. Bg5 Rxh5+ 48. Kg4 Rh2 49. Bf4 Nf7 50. Kf5 Kg7 51. Bd5 Re2 52. Bc4 Re8 53. Be6 Rf8 54. Bd7 Rh8 55. Ke6 Rh1 56. Bb5 Rd1 57. Bc7 Ng5+ 58. Ke5 Nf3+ 59. Kf4 Nd4 60. Be5+ Kf7 61. Bc4+ Ke7 62. g4 Ne6+ 63. Kf5 Nd4+ 64. Ke4 Ne6 65. Bc3 Nc5+ 66. Ke3 Nb7 67. g5 Nd6 68. Bd3 Rg1 69. Kf4 Rd1 70. Ke3 Rg1 71. Kf4 Rd1 72. Bh7 Rf1+ 73. Ke3 Rg1 74. Bf6+ Ke6 75. Kd4 Ne8 76. Bd8 Kd7 77. Bxa5 Rxg5 78. Bd2 Rg4+ 79. Kc5 Nd6 80. Be3 Kc7 81. Kd5 Rg7 82. Bb1 Kd7 83. Bf4 Rg1 84. Bc2 Rg2 85. Bh7 Rf2 86. Be5 Rg2 87. Bf4 Rf2 88. Be5 Rg2 89. Bd3 Rg5 90. Kd4 Rg4+ 91. Ke3 Kc6 92. Bf4 Rh4 93. b4 Kd5 94. a5 Nc4+ 1/2-1/2

[Event "Belgrade Investbanka"]
[Site "Belgrade YUG"]
[Date "1987.??.??"]
[Round "7"]
[White "Salov, Valery"]
[Black "Timman, Jan"]
[Result "1/2-1/2"]
[WhiteElo "2575"]
[BlackElo "2630"]
[PlyCount "69"]
[EventDate "1987.10.18"]

1. d4 Nf6 2. Nf3 e6 3. c4 b6 4. Nc3 Bb7 5. a3 d5 6. cxd5 Nxd5 7. Qc2 c5 8. dxc5 Bxc5 9. Bg5 Qc8 10. Rc1 h6 11. Bh4 a5 12. Na4 Nd7 13. e3 O-O 14. Bb5 Ba6 15. Bxa6 Qxa6 16. Qe2 Qxe2+ 17. Kxe2 Rfc8 18. Rhd1 Bf8 19. Nd4 Nc5 20. Nxc5 bxc5 21. Nb5 a4 22. Bg3 Ra5 23. Nd6 Bxd6 24. Bxd6 Rb5 25. Rd2 Rc6 26. Bg3 f5 27. e4 fxe4 28. Rc4 Rb3 29. Rxe4 c4 30. Be5 c3 31. bxc3 Rxa3 32. Rc2 Nxc3+ 33. Rxc3 Raxc3 34. Bxc3 Rxc3 35. Rxa4 1/2-1/2

[Event "Belgrade Investbanka"]
[Site "Belgrade YUG"]
[Date "1987.??.??"]
[Round "8"]
[White "Beliavsky, Alexander"]
[Black "Short, Nigel David"]
[Result "1-0"]
[WhiteElo "2630"]
[BlackElo "2620"]
[PlyCount "77"]
[EventDate "1987.10.18"]

1. d4 Nf6 2. c4 e6 3. Nf3 d5 4. Nc3 Be7 5. Bg5 h6 6. Bh4 O-O 7. e3 Ne4 8. Bxe7 Qxe7 9. Rc1 Nf6 10. Qb3 Rd8 11. Be2 dxc4 12. Qxc4 a6 13. O-O b5 14. Qb3 Bb7 15. a4 b4 16. a5 Nc6 17. Na2 Rab8 18. Qa4 b3 19. Qxb3 e5 20. dxe5 Nxe5 21. Qa3 Nxf3+ 22. Bxf3 Qxa3 23. bxa3 Bxf3 24. gxf3 Rd5 25. Nb4 Rxa5 26. Rxc7 Rxa3 27. Nc6 Ra8 28. Rb1 Ne8 29. Rd7 Rc3 30. Ne7+ Kf8 31. Nd5 Rc6 32. Rbb7 Rg6+ 33. Kf1 Nd6 34. Rbc7 Rb8 35. e4 Rb1+ 36. Ke2 Rb2+ 37. Kd3 f5 38. Rd8+ Ne8 39. Re7 1-0